[Event "Mistrzostwa Polski Juniorow do lat 18 - Dziewczeta"]
[Site "Jastrzebia Gora"]
[Date "1899-12-30"]
[Round "1.1"]
[White "Trybus, Dominika"]
[Black "Starosta, Martyna"]
[Result "0-1"]
[WhiteTitle "I++"]
[BlackTitle "WFM"]
[WhiteElo "1543"]
[BlackElo "2138"]

1. e4 c6 2. d4 d5 3. exd5 cxd5 4. Bd3 Nc6 5. c3 Nf6 6. h3 g6 7. Qc2 e5 8. dxe5
Nxe5 9. Bb5+ Bd7 10. Bxd7+ Qxd7 11. Bf4 Bd6 12. Ne2 O-O 13. O-O Rfe8 14. Nd2 Rad8
15. Bg5 Kg7 16. f4 Nc6 17. Nb3 h6 18. Bh4 Re4 19. Bxf6+ Kxf6 20. Qd2 Rde8 21.
Ned4 Nxd4 22. Nxd4 Bc5 23. Rae1 Qe7 24. Rxe4 Qxe4 25. Rd1 Bxd4+ 26. cxd4 Rc8 27.
Qf2 Rc2 28. Rd2 Rc1+ 29. Kh2 Re1 30. Rc2 Kg7 31. Rd2 Re3 32. a3 Kh7 33. Kg1 Kg7
34. Kh2 g5 35. fxg5 hxg5 36. g3 Re1 37. Qg2 Qe3 38. h4 Kg6 39. Rf2 g4 40. Rd2
f5 41. Rf2 Kh6 42. b4 f4 43. Rxf4 Re2 44. Qxe2 Qxe2+ 45. Kh1 Qd3 46. Kg2 Qxa3
47. Rxg4 Qxb4 48. Rf4 a5 49. g4 a4 50. Rf6+ Kg7 51. g5 Qxd4 52. Rf3 a3 0-1

[Event "Mistrzostwa Polski Juniorow do lat 18 - Dziewczeta"]
[Site "Jastrzebia Gora"]
[Date "1899-12-30"]
[Round "1.2"]
[White "Goraj, Barbara"]
[Black "Krzyzosiak, Anna"]
[Result "1-0"]
[WhiteTitle "WCM"]
[BlackTitle "I++"]
[WhiteElo "2130"]
[BlackElo "1503"]

1. e4 d6 2. d4 g6 3. Nc3 Nf6 4. f3 c6 5. Be3 Qb6 6. b3 Bg7 7. Qd2 h5 8. Na4 Qc7
9. c4 Nbd7 10. Rc1 Rb8 11. Bd3 a6 12. Ne2 b5 13. cxb5 axb5 14. Nac3 Qa5 15. O-O
b4 16. Na4 Nb6 17. Nxb6 Qxb6 18. h3 h4 19. f4 Ba6 20. Bb1 Qb5 21. Rf2 Rd8 22.
Kh2 Nh5 23. Rc4 Qa5 24. Qxb4 Qc7 25. Rc1 O-O 26. Qd2 Qb7 27. f5 c5 28. Nf4 Ng3
29. d5 gxf5 30. exf5 Be5 31. Qd1 Kh8 32. Qg4 Bf6 33. Qf3 Be5 34. Kg1 Rg8 35. Nd3
Bxd3 36. Bxd3 Qb4 37. Bc4 Rg7 38. Bd2 Qa3 39. Re1 Rdg8 40. Bc3 f6 41. Bxe5 dxe5
42. d6 Qa5 43. Qe3 Nxf5 44. Rxf5 Rxg2+ 45. Kh1 R8g6 46. dxe7 Qa8 47. Qf3 Qe8 48.
Rxf6 Qxe7 49. Rf8+ 1-0

[Event "Mistrzostwa Polski Juniorow do lat 18 - Dziewczeta"]
[Site "Jastrzebia Gora"]
[Date "1899-12-30"]
[Round "1.3"]
[White "Dallemura, Anna"]
[Black "Zabrzanska, Weronika"]
[Result "0-1"]
[WhiteTitle "I"]
[BlackTitle "WFM"]
[WhiteElo "1496"]
[BlackElo "2021"]

1. e4 e5 2. Nf3 Nc6 3. Bb5 a6 4. Ba4 Nf6 5. O-O b5 6. Bb3 Bc5 7. d3 d6 8. c3 Bb6
9. h3 O-O 10. Re1 h6 11. Nbd2 Ne7 12. Nf1 Ng6 13. d4 exd4 14. cxd4 d5 15. e5 Ne4
16. N1d2 Bf5 17. Bc2 Nxd2 18. Bxd2 Bxc2 19. Qxc2 Nh4 20. Nxh4 Qxh4 21. Bb4 Rfe8
22. Bc5 Re6 23. Bxb6 Rxb6 24. Rad1 Rg6 25. Re3 c6 26. Qf5 Qe7 27. Rc1 Qb4 28.
Qd3 Qxb2 29. Rc2 Qb4 30. f4 Rc8 31. f5 Rg5 32. e6 Qe7 33. Qe2 Rxf5 34. exf7+ Qxf7
35. Re7 Qf6 36. Re6 Qxd4+ 37. Kh1 Rcf8 38. Rc1 Rf2 39. Qh5 Rf1+ 0-1

[Event "Mistrzostwa Polski Juniorow do lat 18 - Dziewczeta"]
[Site "Jastrzebia Gora"]
[Date "1899-12-30"]
[Round "1.4"]
[White "Hertlein, Irena"]
[Black "Szczotka, Matylda"]
[Result "1-0"]
[WhiteTitle "k"]
[BlackTitle "I"]
[WhiteElo "1994"]
[BlackElo "1451"]

1. e4 e5 2. Nf3 Nc6 3. Bb5 a6 4. Ba4 Nf6 5. O-O b5 6. Bb3 Be7 7. Re1 d6 8. c3 O-O
9. h3 Nb8 10. d4 Nbd7 11. c4 Re8 12. cxb5 axb5 13. Bxf7+ Kh8 14. Bxe8 Qxe8 15.
Nc3 Rb8 16. Nd5 c6 17. Nxe7 Qxe7 18. dxe5 dxe5 19. Bg5 c5 20. Qd2 Bb7 21. Rad1
Nf8 22. Bxf6 Qxf6 23. Qd6 Qxd6 24. Rxd6 Re8 25. Red1 Bxe4 26. Rd8 Rxd8 27. Rxd8
Kg8 28. Nxe5 Bf5 29. a3 g6 30. Rb8 b4 31. axb4 cxb4 32. Rxb4 1-0

[Event "Mistrzostwa Polski Juniorow do lat 18 - Dziewczeta"]
[Site "Jastrzebia Gora"]
[Date "1899-12-30"]
[Round "1.5"]
[White "Labedz, Gabriela"]
[Black "Barwinska, Ewa"]
[Result "1/2-1/2"]
[WhiteTitle "I"]
[BlackTitle "WCM"]
[WhiteElo "1425"]
[BlackElo "1963"]

1. e4 c5 2. Nf3 d6 3. d4 cxd4 4. Nxd4 Nf6 5. Nc3 Nc6 6. Nxc6 bxc6 7. Bg5 Qb6 8.
Bxf6 gxf6 9. Rb1 Rg8 10. g3 Bg7 11. b4 a5 12. Na4 Qc7 13. b5 cxb5 14. Bxb5+ Kf8
15. O-O Bb7 16. Re1 e6 17. Re3 Ke7 18. Rc3 Qd8 19. Bd3 Rb8 20. Rcb3 Qc7 21. Qh5
Bc6 22. Rxb8 Rxb8 23. Rxb8 Qxb8 24. Qxa5 Qb1+ 25. Kg2 Qb7 26. Kg1 Qb1+ 27. Kg2
Qb7 28. Kg1 Qb1+ 29. Kg2 Qb7 30. Kg1 Qb1+ 1/2-1/2

[Event "Mistrzostwa Polski Juniorow do lat 18 - Dziewczeta"]
[Site "Jastrzebia Gora"]
[Date "1899-12-30"]
[Round "2.1"]
[White "Starosta, Martyna"]
[Black "Arciszewska, Zuzanna"]
[Result "1-0"]
[WhiteTitle "WFM"]
[BlackTitle "I++"]
[WhiteElo "2138"]
[BlackElo "1750"]

1. d4 Nf6 2. c4 e6 3. Nc3 Bb4 4. Qc2 d5 5. a3 Bxc3+ 6. Qxc3 b6 7. Bg5 c6 8. cxd5
exd5 9. Nf3 Bb7 10. Ne5 Qd6 11. Bxf6 Qxf6 12. e3 O-O 13. b4 Qe6 14. Be2 f6 15.
Bg4 Qd6 16. Nd3 Nd7 17. Bf5 Rfe8 18. Rc1 Nf8 19. O-O Bc8 20. Bxc8 Raxc8 21. Qb3
Rc7 22. Rc3 Ne6 23. Rfc1 Rec8 24. Qc2 g6 25. f3 Kg7 26. Qa4 Kf8 27. Qa6 g5 28.
b5 c5 29. dxc5 Nxc5 30. Nxc5 Rxc5 31. Qxc8+ Rxc8 32. Rxc8+ Kf7 33. R1c7+ Kg6 34.
Rg8+ Kh6 35. Rgg7 Qxa3 36. Rge7 d4 37. g4 Qd3 38. Rxh7+ Qxh7 39. Rxh7+ Kxh7 40.
exd4 Kg7 41. Kf2 Kf7 42. Ke3 1-0

[Event "Mistrzostwa Polski Juniorow do lat 18 - Dziewczeta"]
[Site "Jastrzebia Gora"]
[Date "1899-12-30"]
[Round "2.2"]
[White "Uliasz, Katarzyna"]
[Black "Goraj, Barbara"]
[Result "1/2-1/2"]
[WhiteTitle "I++"]
[BlackTitle "WCM"]
[WhiteElo "1670"]
[BlackElo "2130"]

1. g3 d5 2. Nf3 c5 3. Bg2 Nf6 4. O-O Nc6 5. d3 e6 6. Nbd2 b6 7. e4 Bb7 8. Re1 Be7
9. c3 h6 10. h4 a5 11. e5 Nd7 12. h5 Qc7 13. Qe2 Ba6 14. Nf1 O-O-O 15. Bd2 Rdg8
16. a4 g6 17. hxg6 Rxg6 18. Rac1 Kb8 19. Bf4 Ka7 20. Ne3 Qd8 21. Nc2 Bg5 22. Bxg5
hxg5 23. b4 g4 24. Nh4 Ncxe5 25. Nxg6 Nxg6 26. b5 Bb7 27. Qxg4 Nge5 28. Qe2 Qg8
29. d4 Nc4 30. Ne3 Nd6 31. Qg4 Qh7 32. Red1 Ne4 33. Bxe4 dxe4 34. Kf1 f5 35. Qf4
Qh5 36. Ke1 Rc8 37. Kd2 Nf6 38. Rh1 Qf7 39. Qh6 Qe7 40. Ke2 cxd4 41. cxd4 Rd8
42. Rhd1 Nh7 43. Qf4 Rd7 44. Rc4 Ng5 45. d5 exd5 46. Nxd5 Qa3 47. Rc3 Qxa4 48.
Qxg5 Qxb5+ 49. Ke3 Rxd5 50. Rxd5 Qxd5 51. Qf6 a4 52. Kf4 Qd2+ 53. Kxf5 Qxf2+ 54.
Ke5 Qd2 55. Ke6 e3 56. Qe5 Qa2+ 57. Kf6 Qf2+ 58. Ke7 Ka6 59. Rxe3 Bc6 60. Re2
Qf3 61. Re3 Qd5 62. Qxd5 Bxd5 63. Kd6 Bc4 64. g4 Ka5 65. Kc6 Bb5+ 66. Kb7 Bc4
67. Kc6 Bb5+ 68. Kb7 Bc4 1/2-1/2

[Event "Mistrzostwa Polski Juniorow do lat 18 - Dziewczeta"]
[Site "Jastrzebia Gora"]
[Date "1899-12-30"]
[Round "2.3"]
[White "Zabrzanska, Weronika"]
[Black "Bugaj, Hanna"]
[Result "1-0"]
[WhiteTitle "WFM"]
[BlackTitle "I++"]
[WhiteElo "2021"]
[BlackElo "1639"]

1. e4 e6 2. d4 d5 3. e5 c5 4. c3 Qb6 5. Nf3 Bd7 6. Bd3 Bb5 7. dxc5 Bxc5 8. O-O
Bxd3 9. Qxd3 Nc6 10. b4 Be7 11. a4 f6 12. Re1 Nxe5 13. Nxe5 fxe5 14. Rxe5 Kf7
15. Nd2 Nf6 16. Nf3 Ng4 17. Re2 Bf6 18. h3 Nh6 19. g4 Rac8 20. Bd2 Bd8 21. Ne5+
Ke8 22. Rae1 Bc7 23. Ng6 1-0

[Event "Mistrzostwa Polski Juniorow do lat 18 - Dziewczeta"]
[Site "Jastrzebia Gora"]
[Date "1899-12-30"]
[Round "2.4"]
[White "Lochina, Justyna"]
[Black "Hertlein, Irena"]
[Result "1/2-1/2"]
[WhiteTitle "I+"]
[BlackTitle "k"]
[WhiteElo "1645"]
[BlackElo "1994"]

1. e4 c5 2. Nf3 Nc6 3. d4 cxd4 4. Nxd4 Nf6 5. Nc3 d6 6. Bc4 Qb6 7. Nb3 e6 8. O-O
Be7 9. Be3 Qc7 10. f4 a6 11. Bd3 b5 12. Qf3 O-O 13. a4 b4 14. Ne2 e5 15. f5 d5
16. Ng3 dxe4 17. Nxe4 Rb8 18. Nxf6+ Bxf6 19. Be4 Na5 20. Nxa5 Qxa5 21. Ba7 Rb7
22. Bxb7 Qc7 23. Bxc8 Qxa7+ 24. Qf2 Qxf2+ 25. Rxf2 Rxc8 26. Rd1 Be7 27. Rfd2 Bc5+
28. Kf1 Bd4 29. b3 Kf8 30. Rxd4 exd4 31. Rxd4 a5 32. Rd2 Rc5 33. g4 h5 34. h3
Ke7 35. Ke2 Rc3 36. gxh5 Rc5 37. Kf3 Rxf5+ 38. Kg4 Re5 39. Rf2 Ke6 40. Rf4 Rc5
41. Re4+ Kd6 42. Rf4 Ke6 43. Re4+ Kd6 44. Rf4 Ke6 1/2-1/2

[Event "Mistrzostwa Polski Juniorow do lat 18 - Dziewczeta"]
[Site "Jastrzebia Gora"]
[Date "1899-12-30"]
[Round "2.5"]
[White "Mroz, Lena"]
[Black "Bukala, Weronika"]
[Result "1-0"]
[WhiteTitle "I++"]
[BlackTitle "k"]
[WhiteElo "1635"]
[BlackElo "1899"]

1. e4 c6 2. d4 d5 3. exd5 cxd5 4. Bd3 Nc6 5. c3 Nf6 6. Ne2 g6 7. O-O Bf5 8. f3
Bxd3 9. Qxd3 Bg7 10. Be3 O-O 11. Nd2 Rc8 12. Nb3 Nd7 13. Rad1 Nb6 14. Bf4 Nc4
15. Qb1 N6a5 16. Nxa5 Qxa5 17. Kh1 b5 18. a3 Qb6 19. Nc1 f6 20. Rfe1 e5 21. Bg3
exd4 22. Rxd4 f5 23. Rxd5 f4 24. Bh4 Ne3 25. Bf2 Rce8 26. Bxe3 Rxe3 27. Rxe3 Qxe3
28. Rd1 Re8 29. Nd3 Rd8 30. Qc2 g5 31. Qd2 Qe6 32. Qc2 Re8 33. h3 Qc4 34. Qd2
a5 35. Kg1 Rd8 36. Kh1 Re8 37. Kh2 Bf6 38. Kh1 Kg7 39. Kg1 Bd8 40. Kh2 Bb6 41.
Nf2 Rd8 42. Qe1 Rxd1 43. Nxd1 Qc5 44. b4 Qd6 45. Nf2 h5 46. Ne4 Qe7 47. c4 axb4
48. axb4 Qe5 49. c5 Bc7 50. Qd2 g4 51. hxg4 hxg4 52. Qd7+ Kf8 53. Qxg4 Ke7 54.
Kh3 Qa1 55. Qg5+ Kf7 56. Qf5+ Ke7 57. Qg5+ Kf7 58. Qd5+ Kf8 59. Kh2 Qh8+ 60. Kg1
Qa1+ 61. Kf2 Be5 62. Qd8+ Kg7 63. Qd7+ Kf8 64. Qd2 Bd4+ 65. Ke2 Be3 66. Qd8+ Kg7
67. Qg5+ Kf7 68. Nd6+ Ke6 69. Qf5+ Ke7 70. Qf7+ Kd8 71. Qe8+ 1-0

[Event "Mistrzostwa Polski Juniorow do lat 18 - Dziewczeta"]
[Site "Jastrzebia Gora"]
[Date "1899-12-30"]
[Round "2.6"]
[White "Nowak, Roksana"]
[Black "Jedrzejko, Martyna"]
[Result "0-1"]
[WhiteTitle "I++"]
[BlackTitle "I+"]
[WhiteElo "1816"]
[BlackElo "1629"]

1. e4 e6 2. d4 d5 3. Nc3 dxe4 4. Nxe4 Bd7 5. Nf3 Bc6 6. Bd3 Nd7 7. O-O Ngf6 8.
Ng3 Be7 9. b3 O-O 10. Bb2 b6 11. c4 Bb7 12. Qe2 c5 13. Rad1 Qc7 14. Ne4 Nxe4 15.
Bxe4 Bxe4 16. Qxe4 cxd4 17. Nxd4 Nf6 18. Qf3 a6 19. h4 Rac8 20. h5 h6 21. Bc1
Qc5 22. g4 Nh7 23. Be3 Qc7 24. Qg2 Bc5 25. g5 hxg5 26. Bxg5 Nxg5 27. Qxg5 Bxd4
28. Rxd4 Qc5 29. Qh4 Qf5 30. Rg4 Rc5 31. h6 g6 32. b4 Re5 33. h7+ Kg7 34. Rg3
Re4 35. Qe7 Rh8 36. Qd6 Rxh7 37. f4 Qh5 38. Rg2 Qh1+ 39. Kf2 Re2+ 40. Kxe2 Qxg2+
41. Rf2 Qe4+ 42. Kd2 Rh5 43. Qc7 Qd4+ 44. Ke2 Qb2+ 45. Kf3 Qxb4 46. Ke2 Qb2+ 47.
Kf3 Qc3+ 48. Ke2 Qc2+ 49. Kf3 Qd3+ 0-1

[Event "Mistrzostwa Polski Juniorow do lat 18 - Dziewczeta"]
[Site "Jastrzebia Gora"]
[Date "1899-12-30"]
[Round "2.10"]
[White "Barwinska, Ewa"]
[Black "Sivickis, Kornelia"]
[Result "1-0"]
[WhiteTitle "WCM"]
[BlackTitle "I"]
[WhiteElo "1963"]
[BlackElo "1328"]

1. Nf3 d5 2. g3 g6 3. Bg2 c5 4. d4 Bg7 5. O-O Nc6 6. dxc5 Nf6 7. c3 a5 8. Na3 O-O
9. Nb5 Ne4 10. Be3 e5 11. Nd2 Nxd2 12. Qxd2 Be6 13. Nd6 d4 14. cxd4 exd4 15. Bh6
Bxh6 16. Qxh6 Qd7 17. Qh4 f5 18. Qf4 Rad8 19. e3 dxe3 20. Qxe3 Bf7 21. Rad1 Qc7
22. Qc3 Rd7 23. h4 Nd8 24. h5 Ne6 25. Nxb7 Rc8 26. c6 Re7 27. h6 Be8 28. Nd6 Rd8
29. Nxe8 Rdxe8 30. Bd5 Rf7 31. Rfe1 Ng7 32. Qxg7# 1-0

[Event "Mistrzostwa Polski Juniorow do lat 18 - Dziewczeta"]
[Site "Jastrzebia Gora"]
[Date "1899-12-30"]
[Round "3.1"]
[White "Mroz, Lena"]
[Black "Starosta, Martyna"]
[Result "0-1"]
[WhiteTitle "I++"]
[BlackTitle "WFM"]
[WhiteElo "1635"]
[BlackElo "2138"]

1. e4 e5 2. Nf3 Nc6 3. Bb5 a6 4. Ba4 Nf6 5. O-O Be7 6. Re1 b5 7. Bb3 O-O 8. a4
Bb7 9. c3 d5 10. exd5 Nxd5 11. d4 exd4 12. Nxd4 Nxd4 13. Qxd4 Re8 14. Rd1 c5 15.
Qg4 c4 16. Bc2 Qb6 17. a5 Qc7 18. Nd2 g6 19. Nf1 Bf6 20. Bg5 Bxg5 21. Qxg5 Nf4
22. Qg4 Bxg2 23. Ne3 Bc6 24. Rd2 Qe5 25. Rad1 Kh8 26. Qg3 Rad8 27. Kf1 Rxd2 28.
Rxd2 Qf6 29. Kg1 Nh5 30. Qh3 Kg8 31. Bd1 Nf4 32. Qg3 Nd3 33. Be2 Ba8 34. Bxd3
cxd3 35. Rxd3 Qf5 36. Rd1 Qe4 37. Kf1 f5 38. f4 Bc6 39. Kf2 Kf7 40. Rd6 Re6 41.
Rd2 g5 42. Qh3 Qxf4+ 43. Ke2 Kg6 44. Rd8 h6 45. Rd4 Qe5 46. Kd2 f4 47. Nc2 Qe2+
48. Kc1 Bg2 49. Qd3+ Qxd3 50. Rxd3 Be4 51. Rd2 Bxc2 52. Rxc2 f3 53. Rf2 g4 54.
b3 Kg5 55. c4 bxc4 56. bxc4 Kf4 0-1

[Event "Mistrzostwa Polski Juniorow do lat 18 - Dziewczeta"]
[Site "Jastrzebia Gora"]
[Date "1899-12-30"]
[Round "3.2"]
[White "Jedrzejko, Martyna"]
[Black "Zabrzanska, Weronika"]
[Result "1/2-1/2"]
[WhiteTitle "I+"]
[BlackTitle "WFM"]
[WhiteElo "1629"]
[BlackElo "2021"]

1. e4 e5 2. Nf3 Nc6 3. Bc4 Bc5 4. c3 Nf6 5. d3 O-O 6. O-O d5 7. exd5 Nxd5 8. a4
a5 9. Nbd2 Nb6 10. Bb5 Bg4 11. Ne4 Bd6 12. Bxc6 bxc6 13. Re1 f5 14. Ng3 Qd7 15.
Qb3+ Kh8 16. Nxe5 Bxe5 17. Rxe5 f4 18. Ne4 Qxd3 19. f3 Bxf3 20. gxf3 Qxf3 21.
Qc2 Rae8 22. Ng5 Qg4+ 23. Kh1 g6 24. h3 Qg3 25. Qe4 f3 26. Nxf3 Qxh3+ 27. Kg1
Qg3+ 28. Kh1 Rd8 29. Bg5 Rxf3 30. Re8+ Rxe8 31. Qxe8+ Kg7 32. Qe7+ Kg8 33. Qe6+
Kg7 34. Qe7+ Kg8 35. Qe6+ Kg7 36. Qe7+ 1/2-1/2

[Event "Mistrzostwa Polski Juniorow do lat 18 - Dziewczeta"]
[Site "Jastrzebia Gora"]
[Date "1899-12-30"]
[Round "3.4"]
[White "Goraj, Barbara"]
[Black "Lochina, Justyna"]
[Result "1-0"]
[WhiteTitle "WCM"]
[BlackTitle "I+"]
[WhiteElo "2130"]
[BlackElo "1645"]

1. Nf3 Nf6 2. c4 e6 3. Nc3 d5 4. e3 Be7 5. b3 b6 6. Bb2 Bb7 7. cxd5 exd5 8. d4
Nbd7 9. Bd3 Ne4 10. O-O O-O 11. Rc1 Ndf6 12. Ne5 Nxc3 13. Rxc3 c5 14. Rc1 Rc8
15. Bf5 Rc7 16. dxc5 Bxc5 17. Qd3 h6 18. Rfd1 Qe7 19. Nf3 Re8 20. Nd4 Bd6 21.
Bh3 Qe4 22. Qd2 Ng4 23. g3 Rec8 24. Rxc7 Rxc7 25. f3 Qxe3+ 26. Qxe3 Nxe3 27. Re1
Nc2 28. Re8+ Bf8 29. Nxc2 Rxc2 30. Ba3 d4 31. Rxf8+ 1-0

[Event "Mistrzostwa Polski Juniorow do lat 18 - Dziewczeta"]
[Site "Jastrzebia Gora"]
[Date "1899-12-30"]
[Round "3.5"]
[White "Hertlein, Irena"]
[Black "Uliasz, Katarzyna"]
[Result "1-0"]
[WhiteTitle "k"]
[BlackTitle "I++"]
[WhiteElo "1994"]
[BlackElo "1670"]

1. d4 Nf6 2. c4 g6 3. Nf3 Bg7 4. g3 O-O 5. Bg2 d6 6. O-O Nbd7 7. Nc3 e5 8. e4 c6
9. h3 a5 10. Be3 Re8 11. d5 cxd5 12. cxd5 b6 13. a3 Nc5 14. Bg5 Ba6 15. Re1 h6
16. Bxf6 Bxf6 17. b4 Nd3 18. Re3 Nb2 19. Qb3 Nc4 20. Ree1 axb4 21. axb4 b5 22.
Ra2 Qd7 23. Rea1 Qb7 24. Nd2 Nxd2 25. Rxd2 Qb6 26. Rda2 Bg7 27. Bf1 Bb7 28. Rxa8
Bxa8 29. Bxb5 Rc8 30. Ra6 Qc7 31. Bc6 Qd8 32. b5 f5 33. b6 fxe4 34. Rxa8 Rxa8
35. Bxa8 Qxa8 36. b7 Qb8 37. Nxe4 Kf7 38. Qb6 Ke8 39. Qc6+ Kd8 40. Nxd6 Bf8 41.
Nf7+ Ke7 42. Qe6# 1-0

[Event "Mistrzostwa Polski Juniorow do lat 18 - Dziewczeta"]
[Site "Jastrzebia Gora"]
[Date "1899-12-30"]
[Round "3.6"]
[White "Krzyzosiak, Marta"]
[Black "Barwinska, Ewa"]
[Result "0-1"]
[WhiteTitle "I++"]
[BlackTitle "WCM"]
[WhiteElo "1778"]
[BlackElo "1963"]

1. Nf3 d5 2. g3 Nf6 3. Bg2 c5 4. d3 Nc6 5. O-O e5 6. e4 Be7 7. Nc3 Be6 8. exd5
Nxd5 9. Nxd5 Bxd5 10. Re1 f6 11. b3 O-O 12. Bb2 Qd7 13. Qd2 Rac8 14. Rad1 Rc7
15. Qe2 Nd4 16. Nxd4 cxd4 17. Bxd5+ Qxd5 18. Qd2 Rfc8 19. Rc1 a5 20. c3 dxc3 21.
Bxc3 Ba3 22. Bb2 Bb4 23. Qe3 Bxe1 24. Rxe1 Rc2 25. Re2 b5 26. f4 Rxe2 27. Qxe2
exf4 28. gxf4 Qc5+ 29. d4 Qd5 30. h4 Kf7 31. h5 Re8 32. Qg4 Qe6 33. Qxe6+ Kxe6
34. a4 b4 35. Kf2 Rc8 36. d5+ Kxd5 37. h6 gxh6 38. Bxf6 Ke4 39. Be5 Rc2+ 40. Kg3
Rc3+ 0-1

[Event "Mistrzostwa Polski Juniorow do lat 18 - Dziewczeta"]
[Site "Jastrzebia Gora"]
[Date "1899-12-30"]
[Round "4.1"]
[White "Starosta, Martyna"]
[Black "Skolska, Emilia"]
[Result "1-0"]
[WhiteTitle "WFM"]
[BlackTitle "I++"]
[WhiteElo "2138"]
[BlackElo "1586"]

1. d4 Nf6 2. c4 c5 3. d5 e6 4. Nc3 exd5 5. cxd5 d6 6. e4 a6 7. a4 g6 8. f4 Bg7
9. Nf3 O-O 10. Bd3 Re8 11. O-O c4 12. Bc2 Bg4 13. h3 Bxf3 14. Qxf3 Nbd7 15. Be3
b6 16. Rae1 Rb8 17. Bd4 Qc7 18. g4 b5 19. axb5 axb5 20. Ne2 Re7 21. g5 Ne8 22.
Kh1 Nc5 23. Bxg7 Nxg7 24. Nd4 Ree8 25. f5 Qd7 26. Nc6 Rb7 27. Re2 Nh5 28. Rg2
Qc8 29. Rg4 Nd7 30. Rh4 Ne5 31. Nxe5 Rxe5 32. Bd1 Qe8 33. Rg1 b4 34. Qg2 Rbe7
35. Bf3 c3 36. f6 Rc7 37. Bxh5 gxh5 38. Qf3 1-0

[Event "Mistrzostwa Polski Juniorow do lat 18 - Dziewczeta"]
[Site "Jastrzebia Gora"]
[Date "1899-12-30"]
[Round "4.2"]
[White "Barwinska, Ewa"]
[Black "Goraj, Barbara"]
[Result "0-1"]
[WhiteTitle "WCM"]
[BlackTitle "WCM"]
[WhiteElo "1963"]
[BlackElo "2130"]

1. e4 c5 2. Nf3 Nc6 3. d4 cxd4 4. Nxd4 Nf6 5. Nc3 d6 6. Bg5 e6 7. Qd2 a6 8. O-O-O
Bd7 9. f4 b5 10. Bxf6 gxf6 11. Kb1 Qb6 12. Nxc6 Bxc6 13. f5 h5 14. Qe1 O-O-O 15.
Bd3 Qc5 16. Rf1 Bg7 17. Qg3 Rdg8 18. Qh3 Qe5 19. Ne2 Bh6 20. Ng1 Bd7 21. Nf3 Qc5
22. c3 Kd8 23. Nd4 Ke7 24. Qf3 e5 25. Nc2 a5 26. a3 Bc6 27. g3 h4 28. g4 h3 29.
Qxh3 Bf4 30. Qf3 Rxh2 31. Rh1 Rf2 32. Qh3 d5 33. exd5 Bxd5 34. Rhe1 Bf3 35. Be4
Bxd1 36. Rxd1 Rd8 37. Rxd8 Kxd8 38. Qd3+ Ke7 39. b4 axb4 40. Nxb4 Rd2 41. Qf1
Kd6 0-1

[Event "Mistrzostwa Polski Juniorow do lat 18 - Dziewczeta"]
[Site "Jastrzebia Gora"]
[Date "1899-12-30"]
[Round "4.3"]
[White "Zabrzanska, Weronika"]
[Black "Labedz, Gabriela"]
[Result "1-0"]
[WhiteTitle "WFM"]
[BlackTitle "I"]
[WhiteElo "2021"]
[BlackElo "1425"]

1. e4 c5 2. Nf3 a6 3. c3 d5 4. exd5 Qxd5 5. d4 e6 6. Be2 Nc6 7. O-O cxd4 8. Nxd4
Nxd4 9. cxd4 Nf6 10. Bf3 Qd8 11. Nc3 Be7 12. Bf4 O-O 13. Rc1 Bd6 14. Bg5 h6 15.
Bh4 g5 16. Bg3 Bxg3 17. fxg3 Rb8 18. Rc2 b5 19. Rcf2 b4 20. Na4 Nd5 21. Qe2 Bd7
22. Bxd5 exd5 23. Nc5 Bb5 24. Nd3 Qb6 25. Qe5 Bxd3 26. Rf6 Bxf1 27. Rxb6 Rxb6
28. Kxf1 Rd8 29. h4 f6 30. Qc7 Rbb8 31. Qa7 Ra8 32. Qb6 a5 33. b3 Kg7 34. Qb7+
Kg6 35. h5+ Kxh5 36. Qf7+ Kg4 37. Qe6+ Kh5 38. Qf5 Rac8 39. g4+ Kh4 40. Qf2+ 1-0

[Event "Mistrzostwa Polski Juniorow do lat 18 - Dziewczeta"]
[Site "Jastrzebia Gora"]
[Date "1899-12-30"]
[Round "4.4"]
[White "Jedrzejko, Martyna"]
[Black "Hertlein, Irena"]
[Result "0-1"]
[WhiteTitle "I+"]
[BlackTitle "k"]
[WhiteElo "1629"]
[BlackElo "1994"]

1. e4 c6 2. d4 d5 3. Nd2 dxe4 4. Nxe4 Bf5 5. Ng3 Bg6 6. h4 h6 7. Nf3 Nd7 8. h5
Bh7 9. Bd3 Bxd3 10. Qxd3 e6 11. Bd2 Ngf6 12. O-O-O Be7 13. Kb1 Qb6 14. c4 O-O
15. Ne4 c5 16. Bc3 cxd4 17. Bxd4 Qc6 18. Nxf6+ Bxf6 19. Qe2 Rac8 20. b3 a5 21.
g4 a4 22. Rhg1 axb3 23. axb3 e5 24. Bb2 Nc5 25. Qe3 Qb6 26. Kc2 Qb4 27. Ra1 Nxb3
28. Qxb3 Rxc4+ 29. Bc3 Rxc3+ 30. Qxc3 Qxc3+ 31. Kxc3 e4+ 32. Nd4 Rc8+ 33. Kb3
Bxd4 34. Ra2 Rc3+ 35. Kb4 Rf3 36. Rg2 b6 37. Kc4 Bc5 38. Re2 e3 39. fxe3 Bxe3
40. Kb5 g6 41. Rc2 Bc5 42. Rce2 Kg7 43. Re8 Kf6 44. Rh8 Kg5 45. hxg6 fxg6 46.
Re8 Rf6 47. Re5+ Kf4 48. Re1 Kg5 49. Re5+ Kf4 50. Re1 Rd6 51. Rf1+ Kg5 52. Re1
Rd4 53. Re5+ Kf4 54. Re6 Kf3 55. Rh2 g5 56. Rf6+ Rf4 57. Rfxh6 Rxg4 58. R2h5 Rb4+
59. Kc6 g4 60. Rf6+ Kg2 61. Kd5 Bf2 62. Re5 Rb5+ 63. Ke4 Rxe5+ 64. Kxe5 g3 65.
Kf4 b5 66. Rf5 b4 67. Rb5 Kf1 68. Rxb4 g2 69. Rb1+ Be1 70. Kf3 g1=Q 0-1

[Event "Mistrzostwa Polski Juniorow do lat 18 - Dziewczeta"]
[Site "Jastrzebia Gora"]
[Date "1899-12-30"]
[Round "5.1"]
[White "Goraj, Barbara"]
[Black "Starosta, Martyna"]
[Result "1-0"]
[WhiteTitle "WCM"]
[BlackTitle "WFM"]
[WhiteElo "2130"]
[BlackElo "2138"]

1. Nf3 d5 2. c4 d4 3. e3 c5 4. b4 dxe3 5. fxe3 cxb4 6. d4 e6 7. Bd3 Nc6 8. O-O
Be7 9. Bb2 Bf6 10. Nbd2 b6 11. Ne4 Bb7 12. Qe1 Qc7 13. Nxf6+ Nxf6 14. e4 Nd7 15.
e5 h6 16. d5 Nd8 17. d6 Qc6 18. Qh4 g5 19. Qh5 Qc5+ 20. Kh1 Qe3 21. Rad1 Qf4 22.
Nd4 Qh4 23. Nxe6 Nxe6 24. Qxf7+ Kd8 25. Qxe6 Re8 26. Qf7 Qg4 27. Rd2 Qe6 28. Qxe6
Rxe6 29. Bf5 Re8 30. Bxd7 Kxd7 31. Rf7+ Kc6 32. Rc7# 1-0

[Event "Mistrzostwa Polski Juniorow do lat 18 - Dziewczeta"]
[Site "Jastrzebia Gora"]
[Date "1899-12-30"]
[Round "5.2"]
[White "Hertlein, Irena"]
[Black "Zabrzanska, Weronika"]
[Result "1-0"]
[WhiteTitle "k"]
[BlackTitle "WFM"]
[WhiteElo "1994"]
[BlackElo "2021"]

1. e4 e5 2. Nf3 Nc6 3. Bb5 a6 4. Ba4 Nf6 5. O-O b5 6. Bb3 Bc5 7. c3 d6 8. a4 Bb7
9. d4 Bb6 10. Bg5 h6 11. Bxf6 Qxf6 12. Bd5 O-O 13. Na3 Rfb8 14. Nc2 Nd8 15. Bxb7
Nxb7 16. dxe5 dxe5 17. axb5 axb5 18. Rxa8 Rxa8 19. Qd5 c6 20. Qxe5 Qxe5 21. Nxe5
Nc5 22. Nxc6 Ra2 23. Rb1 Nxe4 24. N2d4 Nd2 25. Nb4 Ra4 26. Rd1 Bxd4 27. cxd4 Nc4
28. Nd3 Nd2 29. d5 Nb3 30. Ne5 Rd4 31. Rxd4 Nxd4 32. Nc6 Nf5 33. Kf1 Kf8 34. Ke2
Ke8 35. Kd3 Kd7 36. Ne5+ Ke7 37. Ke4 Nd6+ 38. Kd4 Nb7 39. b4 f6 40. Nc6+ Kd7 41.
Na7 Nd6 42. f3 Kc7 43. Kc5 Nb7+ 44. Kxb5 Nd6+ 45. Ka6 Nb7 46. d6+ 1-0

[Event "Mistrzostwa Polski Juniorow do lat 18 - Dziewczeta"]
[Site "Jastrzebia Gora"]
[Date "1899-12-30"]
[Round "5.3"]
[White "Bukala, Weronika"]
[Black "Kucharska, Helena"]
[Result "0-1"]
[WhiteTitle "k"]
[BlackTitle "I++"]
[WhiteElo "1899"]
[BlackElo "1779"]

1. e4 e5 2. Nf3 Nf6 3. Nxe5 d6 4. Nf3 Nxe4 5. Nc3 Nxc3 6. dxc3 Be7 7. Be3 Nd7 8.
Qd2 Nf6 9. Bd3 c5 10. O-O-O Qa5 11. a3 O-O 12. Rhe1 d5 13. Bh6 Ne4 14. Bxe4 dxe4
15. Rxe4 Be6 16. Bg5 Rfd8 17. Qe2 Rxd1+ 18. Qxd1 Bf8 19. Qe2 Re8 20. Bf4 h6 21.
g4 b5 22. g5 b4 23. cxb4 cxb4 24. Bd2 Rb8 25. Rxe6 bxa3 26. Ra6 axb2+ 27. Kb1
Qc7 28. gxh6 Qxc2+ 29. Kxc2 b1=Q+ 30. Kc3 Qb4+ 31. Kd3 Qb5+ 0-1

[Event "Mistrzostwa Polski Juniorow do lat 18 - Dziewczeta"]
[Site "Jastrzebia Gora"]
[Date "1899-12-30"]
[Round "5.4"]
[White "Skolska, Emilia"]
[Black "Barwinska, Ewa"]
[Result "0-1"]
[WhiteTitle "I++"]
[BlackTitle "WCM"]
[WhiteElo "1586"]
[BlackElo "1963"]

1. e4 c5 2. Nc3 a6 3. f4 b5 4. d3 e6 5. g3 Bb7 6. Bg2 b4 7. Nb1 Nf6 8. Nf3 Be7
9. O-O O-O 10. h3 d5 11. e5 Nfd7 12. Qe1 Nc6 13. g4 Qc7 14. g5 Nd4 15. Rf2 Nf5
16. h4 Qb6 17. Bh3 a5 18. Bxf5 exf5 19. Re2 Qe6 20. Nbd2 Nb6 21. Kh2 Rfc8 22.
h5 d4 23. Qf2 a4 24. Nf1 b3 25. cxb3 axb3 26. a3 Ba6 27. Rd2 Nd5 28. Nh4 c4 29.
dxc4 Rxc4 30. Rd1 Rc2 31. Bd2 Bxf1 32. Rxf1 Ne3 33. Bxe3 dxe3 34. Qxc2 bxc2 35.
Rac1 Rc8 36. Rfe1 Qc4 37. Kg3 Bxg5 0-1